000 00647cam a22002293a 4500
001 31538
003 PGUSA
005 20140828083701.0
008 100307s2010||||xxu|||||s|||||000 | eng d
040 _aPGUSA
_beng
042 _adc
050 4 _aPT
100 1 _aChamisso, Adelbert von,
_d1781-1838
245 1 0 _aPeter Schlemihl's wundersame Geschichte
_h[electronic resource] /
_cAdelbert von Chamisso
260 _bProject Gutenberg,
_c2010
506 _aPublic domain in the USA.
516 _aElectronic text
653 _aFables
830 0 _aProject Gutenberg
_v31538
856 4 0 _uhttp://www.gutenberg.org/ebooks/31538
942 _cEB
999 _c260793
_d260793